Gaming Quiz

Random Gaming or Pokémon Quiz

Pokémon Blitz (Generation I) Quiz Stats

 Plays Quiz Updated Aug 10, 2014

Support Sporcle.
Go Orange.
Score 0/26 Timer 01:30
17 Plays Today
Pokemon Evolution % Correct
????
100%
????
96.3%
????
95.2%
????
93%
????
92.1%
????
90.4%
????
89.8%
????
88.6%
????
86.4%
????
84.9%
????
83.4%
????
82.5%
????
77.2%
Pokemon Evolution % Correct
????
75.1%
????
72.6%
????
70.8%
????
68.6%
????
66.9%
????
63.6%
????
61.1%
????
58%
????
53.7%
????
51.7%
????
48.4%
????
45.2%
????
41.5%

You're not logged in!

Compare scores with friends on all Sporcle quizzes.
OR
Log In

From the Vault

10 Words, 20 Definitions XIII

by DesertSpartan

Half the words, double the fun.
Remove Ads.
Support Sporcle.
Get the best of Sporcle when you Go Orange. This ad-free experience offers more features, more stats, and more fun while also helping to support Sporcle. Thank you for becoming a member.

Show Comments

Extras

Top Quizzes Today


Score Distribution

Your Account Isn't Verified!

In order to create a playlist on Sporcle, you need to verify the email address you used during registration. Go to your Sporcle Settings to finish the process.

Report this User

Report this user for behavior that violates our Community Guidelines.

Details: